| 000 | 01049nam a2200325 i 4500 | ||
|---|---|---|---|
| 001 | 000037717 | ||
| 003 | DO-SdBNP | ||
| 005 | 20260305095132.0 | ||
| 007 | ta | ||
| 008 | 121115s2018 dr 000 0 spa d | ||
| 020 | _a9789945455779 | ||
| 040 |
_aDO-SdBNP _bspa _cBNPHU _erda |
||
| 041 | _aspa | ||
| 082 | 4 |
_aRD861.44 _bB483o 2018 _222 |
|
| 100 | 1 |
_aBeras Porrata, Miriam _d1930-2009 _964176 _eautor _4aut. |
|
| 245 | 1 | 0 |
_aOfrecer el corazón / _cMirian Berras Porrata. |
| 250 | _aSegunda edición | ||
| 260 | _aSanto Domingo : | ||
| 264 | 4 |
_aSanto Domingo, República Dominicana : _bEditorial Isla Negra, _c©2018. |
|
| 300 |
_a79 páginas ; _c22 cm. |
||
| 336 |
_atexto _btxt _2rdacontent |
||
| 337 |
_asin mediación _bn _2rdamedia |
||
| 338 |
_avolumen _bnc _2rdacarrier |
||
| 500 | _aIncluye datos biográficos de la autora en la solapa de la cubierta | ||
| 590 | _aInventariado, 2022/MFF | ||
| 650 | 4 | _aPoesía dominicana | |
| 650 | 4 | _aLiteratura dominicana | |
| 910 | _aValidado. Control de calidad MFF | ||
| 942 |
_2ddc _cLBS1 |
||
| 999 |
_c37207 _d37207 |
||